Facultad de Derecho – Universidad Nacional de Mar del Plata

La Institucionalización de la Oposición como Sujeto de Control Parlamentario (Record no. 5053)

MARC details
000 -CABECERA
campo de control de longitud fija 00664nam a22001577a 4500
080 ## - NUMERO DE CLASIFICACION DECIMAL UNIVERSAL (CDU)
Número de la Clasificación Decimal Universal 342.52 M 363
100 ## - ASIENTO PRINCIPAL--NOMBRE PERSONAL
Código del relacionador Autor
Nombre personal Martín, Santiago José
245 ## - MENCION DE TITULO
Título propiamente dicho La Institucionalización de la Oposición como Sujeto de Control Parlamentario
300 ## - DESCRIPCION FISICA
Extensión 159 P.
500 ## - NOTA GENERAL
Nota general Director de tesis: Toricelli, Maximiliano
502 ## - NOTA DE TESIS
Nota de tesis Tesis (Doctoral)--Universidad Nacional de Mar del Plata. Facultad de Derecho. Departamento de Posgrado, (S/ F).
504 ## - NOTA DE BIBLIOGRAFIA, ETC.
Nota de bibliografía, etc. Tiene Bibliografía: P. 150 a 159.
650 ## - ASIENTO SECUNDARIO DE MATERIA - TERMINO TEMATICO
Fuente del encabezamiento o término Tesauro de Biblioteconomía y Documentación
Término temático o nombre geográfico como elemento de entrada derecho constitucional
-- control parlamentario
-- presidencialismo
-- Alberdi
-- democracia
-- partidos politicos
945 ## - INFORMACION DE PROCESAMIENTO LOCAL
Responsable de carga/modificación Celeste Delía
Fecha de ingreso o modificación 2019-09-05
Holdings
Retirado Perdido Dañado No se presta Ubicación permanente Locación actual Estante o sala Fecha de adquisición Signatura topográfica Inventario Ultima fecha vista Tipo de item de Koha
        Bib. Derecho Bib. Derecho Biblioteca Graduados 05/09/2019 342.52 M 363 301910 05/09/2019 Tesis de posgrado

XHTML | CSS | ©Biblioteca Central - Dto. Tecnología de la Información - [ Con tecnología Koha ]